| 000 | 00447nam a2200157Ia 4500 | ||
|---|---|---|---|
| 008 | 230718s9999 xx 000 0 und d | ||
| 041 | _aeng | ||
| 082 |
_a128 _bPAT |
||
| 100 |
_aPatkar A. _9111472 |
||
| 245 |
_aMaster The Mind Monkey: _b Experience Your Excellence |
||
| 260 |
_c2009 _bJaico Publishing House |
||
| 300 | _a276 | ||
| 365 |
_cRs. _b350.00 |
||
| 700 |
_aPatkar A. _9111472 |
||
| 906 |
_dO:0039218-Nov-2009B:34202-Oct-2009 _cGENRL _b70 |
||
| 999 |
_c323206 _d323206 |
||